Biela noc lásky

Podrobná bibliografia
Hlavný autor: Herling-Grudziński, Gustaw 1919- (Autor)
Ďalší autori: Hvišč, Jozef, 1935-2023 (Prekladateľ)
Médium: Kniha
Jazyk:slovenčina
Fyzický popis:127 s. 22 cm
Vydavateľské údaje: Bratislava Slovart c2001
ISBN:8071454788
Edícia:MM
MM MM
Predmet:

MARC

LEADER 00000nam a2200000 a 4500
001 vtls001413786
003 SK-MaSNL
005 20260301202256.0
008 251113s2001 xo ra slo
015 |a SNBA2001/10-03380 
020 |a 8071454788 
035 |a SNK000368512 
035 |a urn:nbn:sk:snk-amkmuv 
035 |a urn:nbn:sk:snk-am008ifn 
035 |a C36DE905-25DF-4EC6-BF2E-32637936D9E0 
040 |a SNK  |b slo  |c SNK  |e AACR2 
041 0 |a slo 
044 |a xo  |c SK 
080 |a 884-3  |2 1981 
100 1 |a Herling-Grudziński, Gustaw  |d 1919-  |4 aut  |9 584046 
240 1 0 |a Biała noc miłosci  |l Slovensky 
245 1 0 |a Biela noc lásky  |c Gustaw Herling-Grudziński ; [z poľského originálu] do slovenčiny preložil Jozef Hvišč 
260 |a Bratislava  |b Slovart  |c c2001 
300 |a 127 s.  |c 22 cm 
490 1 |a MM  |v zv. 23 
650 0 7 |a romány spoločenské poľské  |2 SNK  |9 351172 
655 7 |a umelecká literatúra  |2 SNK  |9 60405 
700 1 |a Hvišč, Jozef,  |d 1935-2023  |4 trl  |9 103969 
830 0 |a MM  |9 297775 
830 0 |a MM  |a MM  |9 463376 
852 |a Slovenská národná knižnica 
919 |a 80-7145-478-8 
954 |a beletria cudzojazyčná (svetová)  |2 lita 
958 |a TL 
958 |a UP 
958 |a NS 
958 |a LX 
958 |a PL 
968 |b POL 
999 |c 898239  |d 900169 
952 |t P60, <03>, [BOOK], {603}  |a SNK  |b SNK  |y PREZ  |7 0  |p 17A0302445  |o snkSC 105014  |i snkKSP 6611/2001  |0 0  |1 0  |4 0  |d 2001-05-28  |f 1  |l 0  |r 2025-09-25 00:00:00  |w 2026-02-24 
952 |t P60, <05>, [BOOK], {605}  |a SNK  |b SNK  |y PREZ  |7 0  |p 17A0302444  |o snkSC 105014 D1  |i snkKSP 6612/2001  |0 0  |1 0  |4 0  |d 2001-05-28  |l 0  |r 2005-01-02 00:00:00  |w 2026-02-24